000 00512nam a2200193 a 4500
001 1770452096981
003 YourLibrary
005 20260207134849.0
008 260207s2005##################000#0#eng##
020 _a9781844071838
082 0 4 _a333.7
_bKEE
100 1 _aKeen, Meg,
_eauthor.
245 1 0 _aSocial Learning in Environmental Management :
260 _bRoutledge,
_c2005.
300 _a282 pages
650 0 _aBusiness & Economics.
942 _cENGLISH
040 _aYourLibrary
_beng
_cYourLibrary
999 _c610822
_d610822